00294cam a22001097a 4500008004000000082001700040100001500057245004400072260003400116300001400150650002000164180718b1965 xxu||||| |||| 00| 0 eng d aT112x42 St98 aStuvel, G. aSystems of social accountscby G.Stuvel aOxfordbClarenson Pressc1965 axiv,270p. aSocial Accounts